000 01684nam0a22003131 4500
001 v19\rc\1404189
005 20260406082952.0
035 _a(NLR Aleph) 005206542
090 _a5364272
_c5364272
100 _a20060512e18751875|||y0rusy50 ca
101 0 _arus
102 _aRU
105 _ay z |||||
200 1 _aСлово в неделю XVIII по пятидесятнице, сказанное высокопреосвященным Антонием, архиепископом Казанским, 22 сентября 1874 года в Казанском женском монастыре
210 _aКазань
_cУнив. тип.
_d[1875]
215 _a9 с.
_d25
309 _aБез тит. л. и обл.
311 _aОтт. из "Православ. собеседника" 1875 г.
488 0 _12001#$aПравославный собеседник$v1875
_tПравославный собеседник
532 1 1 _aСлово в неделю восемнадцатую по пятидесятнице, сказанное высокопреосвященным Антонием, архиепископом Казанским, 22 сентября 1874 года в Казанском женском монастыре
700 0 _8rus
_7ca
_aАнтоний
_cАмфитеатров, Яков Гаврилович
_cархиепископ
_f1815-1879
_3RU\NLR\AUTH\7748935
_931870
790 1 _aАмфитеатров
_bЯ.Г.
_f1815-1879
_gЯков Гаврилович
801 0 _aRU
_bNLR
_gpsbo
801 0 _aRU
_bRuMoRGB
_2psbo
801 1 _aRU
_bProSoft-M
_2rusmarc
801 2 _aRU
_bNLR
_c20070423
_2rusmarc
852 _aNLR
_j18.98.7.273
942 _cBOOK
980 _aNB